| 000 | 00429nam a2200181 a 4500 | ||
|---|---|---|---|
| 001 | 7210 | ||
| 005 | 20230414123547.0 | ||
| 008 | 140415s1990 mx 000 0 spa d | ||
| 041 | _aspa | ||
| 082 |
_a791.43 _bEIS |
||
| 100 | 1 | _aEISENTEIN, SERGEI M. | |
| 245 | 1 | 3 | _aEL SENTIDO DEL CINE |
| 250 | _a5ed. | ||
| 260 |
_aMEXICO : _bSIGLO VEINTIUNO EDITORES, _c1990 |
||
| 300 | _a204 | ||
| 650 | 1 | 4 | _aCINE |
| 700 | 1 |
_aLACOSTE, NORAH _etr. |
|
| 999 |
_c7210 _d7210 |
||